000 01806nam a2200457 i 4500
001 14214
003 KOSZ 005
005 20200622100205.0
008 200401s1971 pl a f 001 0 pol
015 _aPB 1972/767
040 _aWA N
_cWA N
_dKOSZ 005/RW
046 _k1971
080 _a69+624
080 _a658
080 _a(075.8)
100 1 _aDyżewski, Aleksander
_d(1893-1970)
_eAutor
245 1 0 _aTechnologia i organizacja budowy.
_nCz. 2,
_pOrganizacja i planowanie budowy /
_cAleksander Dyżewski ; [współudział] Ryszard Ciołek, Lucjan Łabentowicz, Andrzej Miączyński.
250 _aWydanie 3 poprawione i uzupełnione.
260 _aWarszawa :
_b"Arkady",
_c1971.
300 _a318, [1] stron, [6] kart tablic :
_bilustracje ;
_c25 cm.
336 _aTekst
_btxt
_2rdacontent
337 _aBez urządzenia pośredniczącego
_bn
_2rdamedia
338 _aWolumin
_bnc
_2rdacarrier
380 _aKsiążki.
380 _aPublikacje fachowe
380 _aPublikacje dydaktyczne
388 _a1901-2000
388 _a1945-1989
504 _aBibliografia na stronach 311-[312]. Indeks.
521 8 _aKsiążka jest podręcznikiem dla studentów wyższych uczelni technicznych oraz może służyć jako pomoc dla inżynierów i techników budowlanych w ich pracy.
650 7 _aBudownictwo
650 7 _aMechanizacja
655 7 _aPodręczniki akademickie
658 _aArchitektura i budownictwo
700 1 _aCiołek, Ryszard
_d(1921-2010)
_eAutor
700 1 _aŁabentowicz, Lucjan
_eAutor
700 1 _aMiączyński, Andrzej
_eAutor
710 2 _aWydawnictwo Arkady
_4pbl.
856 _uhttp://koha.tu.koszalin.pl/cgi-bin/koha/opac-detail.pl?biblionumber=14214
_yKatalog online BPK
942 _2UKD
_cKS
999 _c14214
_d14214